01467nam a22002057a 450000500170000000800410001702000180005804000070007604100120008308200260009510000270012124500870014826000620023530000260029736500530032352007960037665000280117265000320120070000290123220231222162927.0231222b ||||| |||| 00| 0 eng d a9789353579470 cAL aEnglish 223a305.2350954bBHAS aJyotsna Mohan Bhargava aStoned shamed depressed : an explosive account of the secret lives of Indias teens aNoida Uttar PradeshbHarperCollins Publishers Indiac2020 a269 p.bPBc19x13 cm. a6796b₹360.00c₹d₹450.00e20%f18-12-2023 aIn Stoned, Shamed, Depressed, journalist Jyotsna Mohan Bhargava investigates the secret lives of India's urban teens and comes up with an eye-opening account -- of struggles with addiction to substances, social media and gaming, dealing with intense peer pressure, bullying and body shaming, and the resultant physical and mental health issues. This book chronicles the confused journey of Indian teens to adulthood -- along a road that is full of temptation, where boundaries are easily blurred, and where the lure of easy adventure, often in the virtual world, can unleash events that have repercussions for years to come. The narrative interweaves accounts of teens, parents, teachers and child psychologists to reveal a deeply disturbing picture of modern-day school life in urban India. a urban Indian teenagers a Biography & Autobiography  aBHARGAVA (Jyotsna Mohan)